Countries Visited by Queen Elizabeth II Quiz Stats

 Plays Quiz Updated Mar 13, 2019

Score 0/108 Timer 10:00
14 Plays Today
Year First Visited Country % Correct
1957United States of America
97.4%
1957Canada
95.2%
1957France
94.2%
1965Germany (West Germany)
93%
1994Russia
92.6%
1953Australia
92.3%
1975China (Hong Kong)
91.5%
1988Spain
91%
2011Ireland
90.7%
1975Mexico
89.6%
1961Italy
89.3%
1975Japan
88.8%
1961India
88.2%
1956Sweden
88.2%
1995South Africa
88%
1968Brazil
87.7%
1952New Zealand
86.6%
1957Portugal
86%
1955Norway
85.9%
1976Finland
83.5%
1957Denmark
81.1%
1952UK
81%
1996Poland
79.7%
1958Netherlands
78.8%
1966Belgium
77.4%
1969Austria
77.4%
1980Switzerland
77%
1961Pakistan
75.5%
1961Iran
74.6%
1971Turkey
74.6%
1968Chile
73.4%
1952Kenya
72.5%
1999South Korea
70.5%
1988Iceland
70.3%
1980Morocco
68.8%
1996Czechia
68.6%
Year First Visited Country % Correct
1952Jamaica
68.6%
1979Saudi Arabia
68.1%
1974Indonesia
68%
1961Vatican City
67.6%
1976Luxembourg
66.7%
1993Hungary
66.6%
1972Thailand
65.8%
1972Croatia (Yugoslavia)
63.7%
1956Nigeria
63.4%
2008Slovakia
62.4%
2006Latvia
62.2%
1972Serbia (Yugoslavia)
62.1%
2006Lithuania
60.7%
2006Estonia
60.5%
1954Libya
59.7%
1980Algeria
59.4%
1966Bahamas
59.1%
1952Fiji
59%
1979United Arab Emirates
58.7%
1965Sudan
58.6%
1972Malaysia
58.1%
1965Ethiopia
57.3%
1991Zimbabwe
57.3%
1953(Aden) Yemen
57%
1979Oman
56.9%
2008Slovenia
56.7%
1961Nepal
55.7%
1953Panama
55.6%
1983Bangladesh
55.2%
1984Jordan
55.1%
1972Singapore
54.8%
1953(Ceylon) Sri Lanka
54.6%
1953Malta
53.4%
1961Cyprus
53.3%
1980Tunisia
53.1%
1961Ghana
52.3%
Year First Visited Country % Correct
1966Dominica
52.1%
1966Barbados
51.2%
1979Tanzania
51%
1953Uganda
49.5%
1979Qatar
49.5%
1985Belize
49%
1966St Kitts and Nevis
48.9%
1979Kuwait
48.9%
1966Trinidad and Tobago
48.7%
1979Zambia
47.6%
1974Papua New Guinea
45.4%
1979Botswana
45%
1991Namibia
44.6%
1966St Lucia
44.3%
1952Tonga
44.1%
1977Samoa
43.9%
1966St Vincent and the Grenadines
42.7%
1966Guyana
42.4%
1999Mozambique
42.2%
1979Bahrain
42%
1982Tuvalu
40.7%
1966Antigua and Barbuda
40.6%
1966Grenada
40.6%
1974Vanuatu
40.1%
1972Seychelles
39.8%
1974Solomon Islands
39.2%
1961Liberia
39.1%
1972Maldives
38.1%
1982Nauru
37%
1979Malawi
36.1%
1982Kiribati
35.8%
1965Eritrea (Whilst still part of Ethiopia)
34.9%
1972Brunei
34.8%
1961The Gambia
34%
1972Mauritius
33.9%
1961Sierra Leone
33%

You're not logged in!

Compare scores with friends on all Sporcle quizzes.
OR
Log In

Sporcle TV

Today on Sporcle TV


Watch our educational content, quiz creation guides, and fun videos on Sporcle TV.

Show Comments

Extras

Top Quizzes Today


Score Distribution

Your Account Isn't Verified!

In order to create a playlist on Sporcle, you need to verify the email address you used during registration. Go to your Sporcle Settings to finish the process.

Report this User

Report this user for behavior that violates our Community Guidelines.

Details: